000 00886nam a22002057a 4500
999 _c18803
_d18803
003 BDDh-ASL
005 20231015025734.0
008 201025s2012 bg ||||| |||| 00| 0 b d
040 _aBDDh-ASL
_cBDDh-ASL
041 _aben
082 _a922
_bSIS
100 1 _91695
_aসিদ্দিকী, জহুরুল আলম
245 1 0 _aসত্যের সাধক হজরত আবুজর গিফারী (রা.) /
246 _aShater Sadhak Jajorat Abudharr Ghifaree (Ra.) by Zahurul Alam Siddiqui
260 _aঢাকা:
_bজাতীয় গ্রন্থ প্রকাশন,
_c2012.
300 _a৯৬ পৃ. :
_c২২ সে. মি.
600 1 0 _91696
_aগিফারী, হযরত আবজর
_c(রা.)
_xজীবনী
650 0 _91697
_aজীবনী
_xহযরত আবজর গিফারী (রা. )
942 _2ddc
_cBK